[Event "WJun"]
[Site "Puerto Madryn ARG"]
[Date "2009.10.23"]
[Round "2"]
[White "Maenhout,T"]
[Black "Zhigalko,S"]
[Result "0-1"]
[WhiteElo "2303"]
[BlackElo "2646"]

1.e4 c5 2.Nf3 Nc6 3.Nc3 Nf6 4.Bb5 Qc7 5.O-O Nd4 6.Nxd4 cxd4 7.Nd5 Nxd5 8.exd5 Qc5
9.c4 a6 10.Ba4 Qxc4 11.Bb3 Qd3 12.Re1 g6 13.Bc2 Qb5 14.Qf3 Bg7 15.d3 e5 16.Bg5 f6
17.Bh6 O-O 18.Bxg7 Kxg7 19.d6 Qc5 20.Bb3 Qxd6 21.Rac1 Rb8 22.Qd5 Qxd5 23.Bxd5 d6
24.Rc7+ Kh6 25.Rec1 Bf5 26.Bxb7 Bxd3 27.f3 a5 28.b3 g5 29.Kf2 Bg6 30.Bd5 f5
31.R1c6 Rbd8 32.Rc4 d3 33.Ke3 e4 34.fxe4 fxe4 35.Rxe4 Rde8 36.Ree7 Rxe7+
37.Rxe7 Rf1 38.Re6 Kg7 39.Bc4 Re1+ 40.Kf2 Ra1 41.Rxd6 Rxa2+ 42.Kf3 Rb2 43.h3 Bh5+
44.g4 Bg6 45.Rd5 Rh2 46.Kg3 Rc2 47.Rxg5 a4 48.Bxd3 Rc3 49.bxa4 Rxd3+ 50.Kh2 Kf6
51.Rc5 Be4 52.Rh5 Ra3 53.a5 Ke6 54.Rg5 Bg6 55.Rc5 Bd3 56.Rh5 Kd6 57.Kg2 Rb3
58.Kh2 Ke6 59.Kg2 Rb5 60.Rxb5 Bxb5 61.Kg3 Ba6 62.Kf4 Bf1 63.h4 Be2 64.g5 Bf1
65.Ke4 Kd7 66.Ke5 Bb5 67.Kf6 Ba4 68.a6 Bd1 69.g6 h5  0-1

[Event "Chigorin Mem Open"]
[Site "St Petersburg RUS"]
[Date "2009.10.23"]
[Round "8"]
[White "Simonian,H"]
[Black "Kovalev,Vl"]
[Result "1-0"]
[WhiteElo "2513"]
[BlackElo "2349"]

1.e4 c5 2.Nc3 Nc6 3.Bb5 Nd4 4.Bc4 e6 5.Nge2 Ne7 6.Nxd4 cxd4 7.Ne2 Nc6 8.O-O Be7
9.d3 O-O 10.Bd2 b6 11.Ng3 Bb7 12.f4 f6 13.f5 Ne5 14.Bb3 Qc8 15.Bf4 Bd6 16.Nh5 Kf7
17.Qe1 Rg8 18.Qh4 Qf8 19.fxe6+ dxe6 20.Bg5 Be7 21.Bxf6 gxf6 22.Rxf6+ Bxf6
23.Qxf6+ Ke8 24.Qxe6+ Qe7 25.Nf6+ Kd8 26.Qxg8+ Kc7 27.Qxh7  1-0

[Event "Unive Open"]
[Site "Hoogeveen NED"]
[Date "2009.10.24"]
[Round "9"]
[White "Bijlsma,N"]
[Black "Jellema,Y"]
[Result "1/2-1/2"]
[WhiteElo "2028"]
[BlackElo "2177"]

1.e4 c5 2.Nf3 Nc6 3.Nc3 d6 4.d4 cxd4 5.Nxd4 Nf6 6.Bc4 Qb6 7.Be3 Qb4 8.Bb3 Nxd4
9.Qxd4 Qxd4 10.Bxd4 e5 11.Be3 a6 12.f3 Be6 13.Nd5  1/2-1/2

[Event "WJun"]
[Site "Puerto Madryn ARG"]
[Date "2009.10.24"]
[Round "4"]
[White "Li Chao2"]
[Black "Yu Yangyi"]
[Result "0-1"]
[WhiteElo "2617"]
[BlackElo "2509"]

1.e4 c5 2.Nf3 Nc6 3.Nc3 e5 4.Bc4 Be7 5.d3 d6 6.O-O Nf6 7.Ng5 O-O 8.f4 Bg4
9.Qe1 exf4 10.Bxf4 Nd4 11.Qd2 h6 12.Nf3 Nxf3+ 13.gxf3 Be6 14.Kh1 Kh7 15.Rae1 Nh5
16.Be3 Bh4 17.Rd1 Bh3 18.Rg1 f5 19.Bd5 Nf6 20.Be6 Ne8 21.d4 Qf6 22.Bd5 Qe7
23.dxc5 dxc5 24.Ne2 g5 25.exf5 Bxf5 26.Ng3 Bxg3 27.hxg3 Nf6 28.Bb3 Rad8 29.Qc3 Ne4
30.Qe1 Rxd1 31.Qxd1 Nxg3+ 32.Rxg3 Qxe3 33.Bd5 Re8 34.Rg2 Qf4 35.Be4 Kg7 36.Re2 Rxe4
37.fxe4 Bxe4+ 38.Kg1 Qg3+ 39.Kf1 Qf3+  0-1

[Event "Chigorin Mem Open"]
[Site "St Petersburg RUS"]
[Date "2009.10.24"]
[Round "9"]
[White "Rjabzev,K"]
[Black "Polonsky,P"]
[Result "1/2-1/2"]
[WhiteElo "2333"]
[BlackElo "2082"]

1.e4 c5 2.Nf3 Nc6 3.Nc3 Nf6 4.g3 d6 5.h3 g6 6.Bg2 Bg7 7.O-O O-O 8.d3 Rb8
9.Bg5 h6 10.Be3 Nd7 11.Qd2 Kh7 12.Nh4 b5 13.f4 b4 14.Nd1 Nd4 15.f5 Ne5 16.c3  1/2-1/2

[Event "8th TCh-Eur w"]
[Site "Novi Sad SRB"]
[Date "2009.10.25"]
[Round "4"]
[White "Jelica,M"]
[Black "Porat,Ma"]
[Result "1-0"]
[WhiteElo "2242"]
[BlackElo "2192"]

1.e4 c5 2.Nf3 Nc6 3.Nc3 e5 4.Bc4 Be7 5.d3 d6 6.O-O Nf6 7.Ng5 O-O 8.f4 exf4
9.Bxf4 Na5 10.Bxf7+ Rxf7 11.Nxf7 Kxf7 12.Nd5 Kg8 13.Nxe7+ Qxe7 14.Bg5 Be6
15.d4 cxd4 16.Qxd4 Nc6 17.Bxf6 gxf6 18.Qxf6 Rf8 19.Qc3 Ne5 20.Rxf8+ Kxf8
21.Rd1 b6 22.a4 Nf7 23.Rf1 Ke8 24.a5 Qb7 25.axb6 axb6 26.Qb4 Qc6 27.Rf2 Ne5
28.h3 Bf7 29.Qa3 Kf8 30.Kh1 Qc5 31.Qg3 Qd4 32.Qh4 Ng6 33.Qd8+ Kg7 34.Rf5 Qd1+
35.Kh2 Qd4 36.c3 Qc4 37.Qf6+ Kg8 38.Qd8+ Kg7 39.Qxd6 Be6 40.Rh5 Qxe4 41.Qc7+ Bf7
42.Rg5 h6 43.Rg4 Qe6 44.Rb4 Qf5 45.Qxb6 Qe5+ 46.Kh1 Qe1+ 47.Qg1 Qe7 48.Qd4+ Kh7
49.Qe4 Qf6 50.Rb7 Kg8 51.Kg1 Qd6 52.Qd4 Qe6 53.b4 Qe1+ 54.Kh2 Ne5 55.Qf4 Qe2
56.Rb8+ Kg7 57.Rb6 Qh5 58.g4 Nf3+ 59.Kg3 Qh4+ 60.Kxf3 Qxh3+ 61.Kf2 Qh4+ 62.Qg3 Qg5
63.Rd6 Kf8 64.Rd4 Qf6+ 65.Qf4 Qh4+ 66.Ke2 h5 67.Rd7 Qxg4+ 68.Qxg4 hxg4 69.Rxf7+  1-0

[Event "8th TCh-Eur w"]
[Site "Novi Sad SRB"]
[Date "2009.10.25"]
[Round "4"]
[White "Milliet,S"]
[Black "Ushenina,A"]
[Result "1-0"]
[WhiteElo "2407"]
[BlackElo "2474"]

1.e4 c5 2.Nf3 Nc6 3.Nc3 d6 4.d4 cxd4 5.Nxd4 Nf6 6.Bg5 Qb6 7.Nb3 e6 8.Qd2 Be7
9.Bxf6 gxf6 10.O-O-O Bd7 11.f4 O-O-O 12.Kb1 Kb8 13.Be2 h5 14.Rhf1 a6 15.Rf3 Na5
16.Nd5 exd5 17.Nxa5 Qc5 18.Rb3 b5 19.exd5 Rc8 20.a4 Ka7 21.axb5 axb5 22.Nc6+  1-0

[Event "WJun"]
[Site "Puerto Madryn ARG"]
[Date "2009.10.25"]
[Round "5"]
[White "Yu Yangyi"]
[Black "Zhigalko,S"]
[Result "0-1"]
[WhiteElo "2509"]
[BlackElo "2646"]

1.e4 c5 2.Nf3 Nc6 3.Nc3 Nf6 4.Bb5 Qc7 5.O-O Nd4 6.d3 a6 7.Ba4 b5 8.Bb3 Nxb3
9.axb3 b4 10.Na4 d6 11.Bg5 g6 12.Bxf6 exf6 13.d4 Be6 14.c3 Bh6 15.Qc2 Rc8
16.cxb4 cxb4 17.Qxc7 Rxc7 18.d5 Bd7 19.Nb6 Bb5 20.Rfd1 O-O 21.Nd4 Re8 22.f3 Be3+
23.Kh1 Rb8 24.Nc4 Bxc4 25.Nc6 Rxc6 26.dxc6 Bb5 27.Rxd6 Rc8 28.Rxf6 Bc5 29.c7 Rxc7
30.Rd1 Bd4 31.Rd6 Bxb2 32.h4 h5 33.f4 Rc3 34.f5 gxf5 35.exf5 Rxb3 36.Rb1 Bc4
37.Rh6 Kg7 38.Rc6 Bf6 39.Rxb3 Bxb3 40.Rxa6 Bc2 41.Rb6 b3  0-1

[Event "TCh-SLO East 1st League"]
[Site "Sentjur SLO"]
[Date "2009.10.25"]
[Round "4"]
[White "Zivkovic,Vj"]
[Black "Mihevc,I"]
[Result "1/2-1/2"]
[WhiteElo "2413"]
[BlackElo "2207"]

1.e4 c5 2.Nf3 Nc6 3.Nc3 d6 4.d4 cxd4 5.Nxd4 Nf6 6.f3 e5 7.Nb3 Be7 8.Be3 O-O
9.Qd2 a5 10.Bb5 Be6 11.Rd1 Na7 12.Bd3 Nc8 13.a4 Nb6 14.Qf2 Nfd7 15.O-O Nc4
16.Bc1 Qb6 17.Bxc4 Qxf2+ 18.Rxf2 Bxc4 19.Nd2 Be6 20.Nf1 Rfc8 21.Nb5 Nb6  1/2-1/2

[Event "24th GP Open A"]
[Site "Le Touquet FRA"]
[Date "2009.10.26"]
[Round "4"]
[White "Kieffer,C"]
[Black "Melnikova,Y"]
[Result "1-0"]
[WhiteElo "2109"]
[BlackElo "2288"]

1.e4 c5 2.Nf3 Nc6 3.Nc3 d6 4.d4 cxd4 5.Nxd4 Nf6 6.Bc4 Qb6 7.Nxc6 bxc6 8.O-O g6
9.Qe1 Qc7 10.f4 Bg7 11.e5 Nd5 12.exd6 Qxd6 13.Ne4 Qc7 14.c3 O-O 15.Kh1 a5
16.Qf2 Ba6 17.Bxa6 Rxa6 18.f5 a4 19.Bd2 Qb6 20.Qh4 c5 21.fxg6 fxg6 22.Bh6 Raa8
23.Ng5 Rxf1+ 24.Rxf1 Bf6 25.Qc4 Rd8 26.Ne4 Kh8 27.h3 Qxb2 28.Nxf6 exf6 29.Rd1 Qb7
30.Qxc5 Qa8 31.c4 Nc3 32.Re1 Ne4 33.Qc7 Rg8 34.Qf4  1-0

[Event "17th TCh-Eur"]
[Site "Novi Sad SRB"]
[Date "2009.10.27"]
[Round "6"]
[White "Kalezic,B"]
[Black "Bennett,Ala"]
[Result "1/2-1/2"]
[WhiteElo "2459"]
[BlackElo "2108"]

1.e4 c5 2.Nf3 Nc6 3.Nc3 Nf6 4.Bb5 Qc7 5.O-O Nd4 6.Re1 e5 7.a4 Be7 8.d3 h6
9.Nd2 O-O 10.Bc4 d6 11.Nf1 Be6 12.Ne3 Qd7 13.Rf1 b6 14.Ncd5 Qd8 15.c3 Nc6
16.Nf5 Bxf5 17.exf5 Rc8 18.Qf3 Nb8 19.a5 Nxd5 20.Bxd5 b5 21.a6 Bf6 22.Qh5 Nd7
23.Bb7 Rc7 24.f4 exf4 25.Bxf4 Ne5 26.Rad1 Bg5 27.Bg3 Bf6 28.Kh1 Nc6 29.Qf3 Qd7
30.Bf2 b4 31.d4 cxd4 32.cxd4 Na5 33.Bd5 Nc4 34.b3 Nb6 35.Bb7 Rc3 36.Rd3 Rxd3
37.Qxd3 d5 38.Be1 Be7 39.f6 Bxf6 40.Bxb4 Re8 41.Bc5 Bd8 42.b4 Bc7 43.Qf3 Re4
44.g3 Qe6 45.Kg1 Re3 46.Qf5 Re1 47.Qf3 Re3 48.Qh5 Re2 49.Qf3 Re3 50.Qf5 Re1
51.Qxe6 Rxf1+ 52.Kxf1 fxe6 53.Bc6 Kf7 54.Kg2 Kg6 55.Kf3 Kf5 56.h4 h5 57.Bb5 g6
58.Be8 Bd8 59.Bb5 Bc7 60.Bd3+ Kf6 61.g4 hxg4+ 62.Kxg4 Kg7 63.Bb5 Kf6 64.Be8 Kg7
65.Bb5 Kf6 66.Be8 Kg7 67.Kg5 Bd8+ 68.Kg4 Bc7 69.Kg5 Bd8+  1/2-1/2

[Event "24th GP Open A"]
[Site "Le Touquet FRA"]
[Date "2009.10.28"]
[Round "6"]
[White "Burg,T"]
[Black "Ikonnikov,Vy"]
[Result "0-1"]
[WhiteElo "2449"]
[BlackElo "2558"]

1.e4 c5 2.Nf3 Nc6 3.Nc3 e5 4.Bc4 Be7 5.d3 d6 6.O-O Bg4 7.h3 Bh5 8.Nd5 Nf6
9.Nxf6+ Bxf6 10.c3 Rb8 11.a4 a6 12.Be3 h6 13.g4 Bg6 14.Bb3 O-O 15.Kh2 b5
16.axb5 axb5 17.Bc2 c4 18.d4 exd4 19.Nxd4 Bxd4 20.Bxd4 Re8 21.Be3 Bxe4 22.Bxe4 Rxe4
23.Qd5 Qe8 24.Ra6 Qe5+ 25.Qxe5 Nxe5 26.Rxd6 b4 27.cxb4 Rxb4 28.Kg3 Rxb2 29.Rd4 Rxd4
30.Bxd4 Rb3+ 31.Kf4 Ng6+ 32.Ke4 Rxh3 33.Rc1 Rh4 34.Kf3 Kh7 35.Rxc4 h5 36.gxh5 Ne5+
37.Kg3 Rg4+ 38.Kh3 Re4 39.Rc5 Nd3 40.Rf5 Rxd4 41.Rxf7 Kh6 42.Kg3 Rg4+ 43.Kh3 Rf4  0-1

[Event "24th GP Open A"]
[Site "Le Touquet FRA"]
[Date "2009.10.28"]
[Round "7"]
[White "Roy Chowdhury,S"]
[Black "Prost,F"]
[Result "1-0"]
[WhiteElo "2436"]
[BlackElo "2141"]

1.e4 c5 2.Nc3 Nc6 3.Nf3 g6 4.Bb5 Bg7 5.O-O Nd4 6.Ba4 a6 7.Nxd4 cxd4 8.Ne2 b5
9.Bb3 Bb7 10.d3 d5 11.f3 e6 12.Qe1 Ne7 13.Bg5 O-O 14.Kh1 h6 15.Bd2 a5 16.a4 b4
17.Qh4 Nc8 18.Qh3 Kh7 19.Rae1 Nb6 20.e5 Bc6 21.Nxd4 Bxa4 22.Bxa4 Nxa4 23.b3 Nc5
24.f4 Ra6 25.g4 Kg8 26.f5 exf5 27.gxf5 gxf5 28.Nxf5 Rg6 29.Bxh6 Ne6 30.Bxg7 Nxg7
31.Nh6+ Rxh6 32.Qxh6  1-0

[Event "8th TCh-Eur w"]
[Site "Novi Sad SRB"]
[Date "2009.10.28"]
[Round "7"]
[White "Gara,A"]
[Black "Ushenina,A"]
[Result "1/2-1/2"]
[WhiteElo "2365"]
[BlackElo "2474"]

1.e4 c5 2.Nf3 Nc6 3.Nc3 d6 4.d4 cxd4 5.Nxd4 Nf6 6.Bg5 e6 7.Qd2 a6 8.O-O-O Be7
9.f4 Nxd4 10.Qxd4 b5 11.Be2 Bb7 12.Bf3 O-O 13.e5 Bxf3 14.exf6 gxf6 15.gxf3 fxg5
16.Ne4 d5 17.Nxg5 Bf6 18.Qd3 Bxg5 19.Rhg1 Qf6 20.fxg5 Qg6  1/2-1/2

[Event "Corsica Masters"]
[Site "Bastia FRA"]
[Date "2009.10.29"]
[Round "7"]
[White "Bujisho,B"]
[Black "Houriez,A"]
[Result "1-0"]
[WhiteElo "2403"]
[BlackElo "2100"]

1.e4 c5 2.Nf3 Nc6 3.Nc3 Nf6 4.Bb5 d6 5.d4 cxd4 6.Qxd4 Bd7 7.Bxc6 Bxc6 8.Bg5 e6
9.O-O-O Be7 10.Kb1 Qa5 11.Rhe1 O-O-O 12.Bh4 h6 13.Nd2 g5 14.Bg3 Qc5 15.Nc4 Qxd4
16.Rxd4 e5 17.Rdd1 b6 18.f3 Rhe8 19.Ne3 Kb7 20.b3 Bf8 21.Kb2 Nh5 22.Ncd5 Nf4
23.Bxf4 exf4 24.Nf5 Re6 25.Rd3 Rg6 26.h3 a5 27.Red1 Re6 28.a4 Re5 29.c4 Re6
30.Kc2 Rg6 31.Nc3 Re6 32.Ne2 Re5 33.R1d2 Re6 34.Ned4 Rg6 35.Nxc6 Kxc6 36.Rd5 Bg7
37.Ne7+ Kc7 38.Rf5 Re6 39.Rxf7 Rd7 40.Nd5+ Kc6 41.Rxd7 Kxd7 42.Nxb6+ Kc6
43.Nd5 Be5 44.Nc3 Re8 45.Rd5 Ra8 46.Rd3 Ra7 47.Nb5  1-0

[Event "17th TCh-Eur"]
[Site "Novi Sad SRB"]
[Date "2009.10.29"]
[Round "8"]
[White "Cornette,M"]
[Black "Hracek,Z"]
[Result "1/2-1/2"]
[WhiteElo "2577"]
[BlackElo "2606"]

1.e4 c5 2.Nc3 Nc6 3.Nf3 g6 4.d4 cxd4 5.Nxd4 Bg7 6.Be3 Nf6 7.Bc4 O-O 8.Bb3 d6
9.h3 Bd7 10.O-O Nxd4 11.Bxd4 Bc6 12.Qd3 b5 13.Rfe1 b4 14.Nd5 Nxd5 15.Bxd5 Bxd5
16.exd5 Bxd4 17.Qxd4 a5 18.a3 Rb8 19.Qd2 bxa3 20.b3 Qc7 21.Rxa3 Rb5 22.Ra4 Rc5
23.Re2 e5 24.dxe6 fxe6 25.Rd4 d5 26.Qe3 Rf6 27.Rdd2  1/2-1/2

[Event "WJun"]
[Site "Puerto Madryn ARG"]
[Date "2009.10.29"]
[Round "8"]
[White "Vishnu,P"]
[Black "Hugaert,A"]
[Result "1/2-1/2"]
[WhiteElo "2342"]
[BlackElo "2066"]

1.e4 c5 2.Nc3 Nc6 3.Nf3 Nf6 4.Bb5 Nd4 5.e5 Nxb5 6.Nxb5 Nd5 7.Ng5 a6 8.Qh5 g6
9.Qf3 f6 10.Qxd5 fxg5 11.Nc3 e6 12.Qf3 Bg7 13.Ne4 Bxe5 14.d3 d5 15.Nxg5 Qc7
16.O-O h6 17.Nh3 Bd7 18.Re1 O-O-O 19.Bf4 Bxf4 20.Qxf4 g5 21.Qxc7+ Kxc7 22.f4 e5
23.fxe5 Bxh3 24.gxh3  1/2-1/2

[Event "17th TCh-Eur"]
[Site "Novi Sad SRB"]
[Date "2009.10.30"]
[Round "9"]
[White "Saiboulatov,D"]
[Black "Rees,I"]
[Result "1-0"]
[WhiteElo "2395"]
[BlackElo "2336"]

1.e4 c5 2.Nf3 Nc6 3.Nc3 g6 4.d4 cxd4 5.Nxd4 Bg7 6.Nde2 Nf6 7.g3 d6 8.Bg2 Bd7
9.h3 Qc8 10.Nd5 Nxd5 11.exd5 Ne5 12.Rb1 O-O 13.Be3 Bf5 14.Nd4 Nc4 15.Nxf5 Qxf5
16.Bc1 Rac8 17.O-O Nb6 18.Re1 Rxc2 19.Bf4 Rc7 20.Qd2 Nc4 21.Qc1 Rfc8 22.g4 Qd7
23.b3 Ne5 24.Qd1 Rc3 25.Be3 Nd3 26.Rf1 f5 27.Bd2 Rc2 28.Be3 Ne5 29.f4 Nf7
30.Rf2 R2c3 31.Qe2 a6 32.g5 Qc7 33.Rd1 Rc2 34.Qd3 Rc3 35.Qe2 Rc2 36.Qd3 Rxf2
37.Bxf2 Qc2 38.a4 Qxd3 39.Rxd3 Rc3 40.Rxc3 Bxc3 41.Be3 h6 42.gxh6 Nxh6 43.Kf1 Kf7
44.Ke2 Ng8 45.Kd3 Be1 46.Ke2 Ba5 47.Bd4 Ke8 48.Bf1 Kd7 49.Kf3 Be1 50.Bc4 Bh4
51.b4 Bf6 52.Bf2 Bc3 53.b5 a5 54.Bh4 Bd4 55.Be1 b6 56.Bh4 Nh6 57.Bg5 Nf7
58.h4 Bg7 59.Bb3 Bh6 60.Ke3 Bxg5 61.fxg5 Ne5 62.h5 gxh5 63.Kf4 h4 64.Bc2 e6
65.dxe6+ Kxe6 66.Bxf5+ Kf7 67.Be4 Nd7 68.Kg4 Nc5 69.Bc2 d5 70.Kxh4 d4 71.Kg4 d3
72.Bd1 Kg6 73.Kf4 d2 74.Bc2+ Kf7 75.Ke3 Ne6 76.g6+ Kf6 77.Kxd2 Ng7 78.Ke3 Ke5
79.Kf3 Nf5 80.Kg4 Ng7 81.Kg5 Ne6+ 82.Kh6 Kf6 83.Bd1 Ng7 84.Bg4 Ne8 85.Bh3 Nd6
86.Bd7 Ne4 87.g7 Ke7 88.g8=Q  1-0

[Event "13th OIBM"]
[Site "Bad Wiessee GER"]
[Date "2009.10.31"]
[Round "1"]
[White "Koepke,C"]
[Black "Brink,G"]
[Result "1/2-1/2"]
[WhiteElo "2365"]
[BlackElo "1984"]

1.e4 c5 2.Nf3 Nc6 3.Nc3 d6 4.d4 cxd4 5.Nxd4 a6 6.Be3 Nf6 7.f3 e6 8.Qd2 Be7
9.O-O-O O-O 10.g4 Nxd4 11.Bxd4 b5 12.g5 Nd7 13.h4 Bb7 14.Kb1 b4 15.Ne2 d5
16.e5 Bc5 17.f4 Qb6 18.h5 a5 19.Bg2 a4 20.Rh3 Ba6 21.Bxc5 Nxc5 22.Nd4 Rab8
23.f5 Ne4 24.Bxe4 dxe4 25.g6 exf5 26.Nxf5 Qe6 27.gxh7+ Kh8 28.Qg5 Qxe5 29.Rd5 Qf6
30.Qxf6 gxf6 31.Nd6 f5 32.Rxf5 Rbd8 33.Rxf7 Rfe8 34.Rf6 Kxh7 35.a3 Re7 36.Re3 b3
37.cxb3 Bd3+ 38.Kc1 axb3 39.Rf7+ Rxf7 40.Nxf7 Rd5 41.Rg3 Bc2 42.Rg1 Rf5 43.Nd6 Rxh5
44.Nc4 Rh2 45.Re1 Kg6 46.Nd6 Rh4 47.Kd2 Kf6 48.Nc4 Rh8 49.Kc3 Rc8 50.Kd4 Rd8+
51.Kc3 Rc8 52.Kd4  1/2-1/2

[Event "13th OIBM"]
[Site "Bad Wiessee GER"]
[Date "2009.11.02"]
[Round "3"]
[White "Smirnov,Arte"]
[Black "Kick,J"]
[Result "1-0"]
[WhiteElo "2432"]
[BlackElo "2177"]

1.e4 c5 2.Nc3 Nc6 3.Bb5 Nd4 4.Bc4 g6 5.Nf3 Bg7 6.Nxd4 cxd4 7.Qf3 Nh6 8.Ne2 O-O
9.d3 Ng4 10.Bb3 d6 11.h3 Ne5 12.Qg3 Nc6 13.h4 Na5 14.h5 Nxb3 15.axb3 e5 16.f4 d5
17.f5 dxe4 18.dxe4 Qd6 19.hxg6 fxg6 20.Qh4 gxf5 21.Qxh7+ Kf7 22.Rh6 Qd8 23.Qg6+ Kg8
24.Bg5 Qe8 25.Qh7+ Kf7 26.Rf6+  1-0

[Event "WJun"]
[Site "Puerto Madryn ARG"]
[Date "2009.11.02"]
[Round "12"]
[White "Andreikin,D"]
[Black "Diamant,A"]
[Result "1-0"]
[WhiteElo "2659"]
[BlackElo "2526"]

1.e4 c5 2.Ne2 Nc6 3.Nbc3 d6 4.d4 cxd4 5.Nxd4 Nf6 6.h3 e5 7.Nf3 Be7 8.Bc4 O-O
9.a3 Be6 10.Ba2 Qd7 11.Bg5 Bxa2 12.Rxa2 Qe6 13.Bxf6 Bxf6 14.O-O Bd8 15.Qd3 Bb6
16.Nd5 Kh8 17.Raa1 f5 18.Rad1 Rad8 19.c3 Rd7 20.exf5 Rxf5 21.Nd2 e4 22.Nxe4 Ne5
23.Qg3 Nf3+ 24.gxf3 Rxd5 25.Ng5 Qe5 26.f4 Qf5 27.Rxd5 Qxd5 28.Re1 g6 29.Re8+ Kg7
30.Qg4 Qf5 31.Qh4 Qb1+ 32.Kg2 h5 33.f5 Qxf5 34.Ne6+ Kf7 35.Rf8+ Kxe6 36.Rxf5 Kxf5
37.Qc4 d5 38.Qc8 Ke6 39.Qe8+  1-0

[Event "13th OIBM"]
[Site "Bad Wiessee GER"]
[Date "2009.11.03"]
[Round "5"]
[White "Berchtenbreiter,M"]
[Black "Krivoborodov,E"]
[Result "0-1"]
[WhiteElo "2230"]
[BlackElo "2453"]

1.e4 c5 2.Nc3 Nc6 3.Nge2 d6 4.d4 cxd4 5.Nxd4 Nf6 6.Bg5 Qb6 7.Nb3 e6 8.Qd2 Be7
9.Bxf6 gxf6 10.Be2 Bd7 11.Bh5 Na5 12.Qe2 Rg8 13.f4 Rc8 14.f5 Nc4 15.fxe6 Bxe6
16.O-O-O Qe3+ 17.Qxe3 Nxe3 18.Rd3 Nxg2 19.Nd4 Kd7 20.Rg3 Rg5 21.Bf3 Nh4 22.Be2 f5
23.Rh3 Rg7 24.Bb5+ Kd8 25.exf5 Nxf5 26.Nxe6+ fxe6 27.Re1 a6 28.Bd3 Kd7 29.Nd5 Bg5+
30.Kb1 Rf8 31.Rf3 Rgf7 32.Nb6+ Kc7 33.Nc4 b5 34.Na5 Bd2  0-1

[Event "13th OIBM"]
[Site "Bad Wiessee GER"]
[Date "2009.11.03"]
[Round "5"]
[White "Grover,S"]
[Black "Brychcy,F"]
[Result "1-0"]
[WhiteElo "2288"]
[BlackElo "2152"]

1.e4 c5 2.Nc3 Nc6 3.Bb5 g6 4.Bxc6 bxc6 5.d3 Bg7 6.f4 d6 7.Nf3 Nf6 8.O-O Bg4
9.Qe1 Bxf3 10.Rxf3 Nd7 11.Kh1 e6 12.f5 Qe7 13.Bf4 g5 14.Bd2 h5 15.fxe6 fxe6
16.Qe2 Ne5 17.Rff1 Kd7 18.Nd1 Raf8 19.Ne3 g4 20.b4 cxb4 21.Bxb4 Ng6 22.c3 Be5
23.Rxf8 Rxf8 24.g3 Rf3 25.Rf1 Qf8 26.Kg2 c5 27.Ba5 Nf4+ 28.gxf4 Qxf4 29.Rxf3 Qxh2+
30.Kf1 Qh1+ 31.Kf2 Qh4+ 32.Kg2 Qh2+ 33.Kf1 Qh1+ 34.Kf2 Qh4+ 35.Kg1 gxf3 36.Qxf3 Qh2+
37.Kf1 Ke7 38.Qg2 Qf4+ 39.Ke2 Qf7 40.c4 Bf4 41.Qf3 Qf6 42.Bd2 Bxe3 43.Qxf6+ Kxf6
44.Bxe3 Ke5 45.Kf3 h4 46.Kg4 d5 47.exd5 exd5 48.Bxc5 dxc4 49.dxc4  1-0

[Event "3rd Asian Indoor Team Rapid Prelim"]
[Site "Ha Long City VIE"]
[Date "2009.11.05"]
[Round "4"]
[White "Al Modiahki,M"]
[Black "Shrestha,B"]
[Result "1-0"]
[WhiteElo "2571"]
[BlackElo "2092"]

1.e4 c5 2.Nc3 Nc6 3.Nf3 d6 4.d4 cxd4 5.Nxd4 Nf6 6.Bg5 e6 7.Qd2 a6 8.O-O-O Bd7
9.f4 Be7 10.Nf3 Qc7 11.e5 dxe5 12.fxe5 Ng8 13.Ne4 f6 14.Bf4 f5 15.Nd6+ Bxd6
16.exd6 Qa5 17.Qxa5 Nxa5 18.Bd3 Nf6 19.Rhe1 O-O 20.Ne5 Rfe8 21.Bg5 Rad8 22.Bxf6 gxf6
23.Nxd7 Rxd7 24.Bxf5 Kf7 25.Bg4 Kg7 26.Rxe6 Red8 27.Re7+ Rxe7 28.dxe7 Rxd1+
29.Bxd1 Kf7 30.Bf3 Kxe7 31.b4 Nc6 32.Bxc6 bxc6 33.c4 Kd6 34.Kd2 Ke5 35.Ke3 h5
36.a4 h4 37.b5 cxb5 38.cxb5 a5 39.Kf3  1-0

[Event "Russia Cup"]
[Site "St Petersburg RUS"]
[Date "2009.11.06"]
[Round "2.4"]
[White "Frolyanov,D"]
[Black "Savchenko,B"]
[Result "1/2-1/2"]
[WhiteElo "2571"]
[BlackElo "2644"]

1.e4 c5 2.Nf3 Nc6 3.Nc3 g6 4.d4 cxd4 5.Nxd4 Nf6 6.Be3 Bg7 7.Bc4 Na5 8.Bb3 O-O
9.O-O d6 10.h3 Bd7 11.Qd2 Rc8 12.Bh6 Nc4 13.Bxc4 Rxc4 14.Bxg7 Kxg7 15.Rfe1 Qb6
16.Nb3 a5 17.Nd5 Nxd5 18.exd5 a4 19.Na5 Rc7 20.Rxe7 Qxb2 21.Rae1 Rxc2 22.Qf4 Qb5
23.Qxd6 Qxa5 24.Qe5+ Kg8 25.Rxd7 Rxa2 26.Rxb7 Rd2 27.Rb8 Qc5 28.Rxf8+ Qxf8
29.Rb1 Rc2 30.Qe4 Rd2 31.Qe5 Rc2 32.Rd1 Qc5 33.Qf4 Rc4 34.Qb8+ Qc8 35.Qxc8+ Rxc8  1/2-1/2

[Event "TCh-AUT 2009-10"]
[Site "Jenbach AUT"]
[Date "2009.11.07"]
[Round "2"]
[White "Maiwald,JU"]
[Black "Kuzubov,Y"]
[Result "1/2-1/2"]
[WhiteElo "2474"]
[BlackElo "2634"]

1.e4 c5 2.Nc3 Nc6 3.Bb5 Nd4 4.Bc4 e6 5.Nf3 Ne7 6.Nxd4 cxd4 7.Ne2 Nc6 8.O-O Be7
9.d3 O-O 10.a3 Kh8 11.b4 a6 12.Bb2 b5 13.Bb3 Qb6 14.Qd2 Bb7 15.c4 dxc3 16.Bxc3 f5
17.exf5 Rxf5 18.Ng3 Rf7 19.Qe3 Qxe3 20.fxe3 Rxf1+ 21.Rxf1 Kg8 22.Nh5 Bf8
23.Rf4 Ne7 24.e4 Rc8 25.Bb2 Ng6 26.Rf1 Ra8 27.Rc1 Rc8 28.Rf1 Ra8 29.Rc1 Rc8
30.Rf1 Ra8  1/2-1/2

[Event "TCh-SLO East 1st League"]
[Site "Sentjur SLO"]
[Date "2009.11.08"]
[Round "9"]
[White "Tomazini,A"]
[Black "Breznik,K"]
[Result "1/2-1/2"]
[WhiteElo "2211"]
[BlackElo "2178"]

1.e4 c5 2.Nc3 Nc6 3.Bb5 e6 4.Bxc6 bxc6 5.d3 Rb8 6.f4 d5 7.Nf3 Ba6 8.O-O Nf6
9.Re1 Be7 10.e5 Nd7 11.b3 O-O 12.Na4 c4 13.Be3 Qc7 14.Qe2 Ba3 15.Rad1 Rfd8
16.Kh1 Bb5 17.Nc3 Ba6 18.Na4 Bb5 19.Nc3 Ba6  1/2-1/2

[Event "World Youth U18"]
[Site "Antalya TUR"]
[Date "2009.11.13"]
[Round "2"]
[White "Jefic,S"]
[Black "Mazur,S"]
[Result "0-1"]
[WhiteElo "2105"]
[BlackElo "2360"]

1.e4 c5 2.Nc3 Nc6 3.Bb5 Nd4 4.Bc4 e6 5.Nf3 Nf6 6.O-O a6 7.a4 d5 8.exd5 exd5
9.Re1+ Be7 10.Be2 O-O 11.d3 Qd6 12.Bg5 h6 13.Bh4 Nf5 14.Bg3 Nxg3 15.hxg3 Bf5
16.Nd2 Rfe8 17.Bf3 Bf8 18.Nb3 Rxe1+ 19.Qxe1 Re8 20.Qd2 d4 21.Ne2 b6 22.a5 b5
23.Re1 g5 24.Nec1 Rxe1+ 25.Qxe1 c4 26.Nd2 Qb4 27.b3 Qc3 28.Qd1 Bb4 29.Ne4 Nxe4
30.Bxe4 Bxe4 31.dxe4 Qe1+ 32.Qxe1 Bxe1 33.Kf1 Bxa5 34.Ke2 Bc3 35.Na2 Bb2
36.f4 a5 37.Kd2 Kg7 38.Ke2 Kf6 39.Kd2 Ke6 40.Kd1 Kd6 41.Ke2 Kc5 42.Kd2 Ba3
43.Ke2 d3+ 44.Kd2 Kd4 45.e5 c3+ 46.Kd1 d2  0-1

[Event "Waling Dijkstra GpA"]
[Site "Leeuwarden NED"]
[Date "2009.11.13"]
[Round "1"]
[White "Zdebskaja,N"]
[Black "Nicolai,Am"]
[Result "1/2-1/2"]
[WhiteElo "2408"]
[BlackElo "1847"]

1.e4 c5 2.Nf3 Nc6 3.Nc3 g6 4.d4 cxd4 5.Nxd4 Bg7 6.Nde2 Nf6 7.g3 O-O 8.Bg2 d6
9.O-O Be6 10.a4 Rc8 11.Nd5 Ne5 12.Ra2 Nxd5 13.exd5 Bg4 14.h3 Bxe2 15.Qxe2 Qc7
16.b3 Rfe8 17.Be3 Nd7 18.a5 Bc3 19.a6 b6 20.h4 Rb8 21.Qb5 Ne5 22.Ra4 Qd7
23.Qe2 b5 24.Ra2 Qc7 25.f4 Nd7 26.Qf2 Nc5 27.f5 Rf8 28.h5 gxf5 29.Qxf5 f6
30.Bh6 Rf7 31.g4 Qc8 32.Be4 Nxe4 33.Qxe4 Qc5+ 34.Be3 Qc7 35.g5 Qd7 36.g6 hxg6
37.hxg6 Rg7 38.Bh6 Qh3 39.Bxg7 Qg3+ 40.Kh1 Qh3+ 41.Kg1 Qg3+ 42.Kh1 Qh3+  1/2-1/2

[Event "World Youth U18"]
[Site "Antalya TUR"]
[Date "2009.11.14"]
[Round "3"]
[White "Faizulaev,A"]
[Black "Janev,P"]
[Result "1-0"]
[WhiteElo "2303"]
[BlackElo "1990"]

1.e4 c5 2.Nf3 Nc6 3.Nc3 e5 4.Bc4 d6 5.d3 Be7 6.Nd2 Bg5 7.Nf1 h6 8.Ne3 Bxe3
9.Bxe3 Nf6 10.Nd5 Be6 11.c3 O-O 12.O-O Bxd5 13.exd5 Ne7 14.Qf3 Nh7 15.d4 f5
16.dxe5 f4 17.Bd2 Ng6 18.exd6 Qxd6 19.Rfe1 Ng5 20.Qh5 Ne5 21.b3 Rf5 22.Rxe5 Qxe5
23.Re1 Qf6 24.Re8+ Rxe8 25.Qxe8+ Kh7 26.d6 Qxd6 27.Bg8+ Kh8 28.Bf7+ Kh7 29.Qg8+  1-0

[Event "World Youth U18"]
[Site "Antalya TUR"]
[Date "2009.11.15"]
[Round "4"]
[White "Kleijn,C"]
[Black "Reimanis,R"]
[Result "1/2-1/2"]
[WhiteElo "2383"]
[BlackElo "2112"]

1.e4 c5 2.Nf3 Nc6 3.Nc3 d6 4.d4 cxd4 5.Nxd4 Nf6 6.Bg5 e6 7.Qd2 a6 8.O-O-O Bd7
9.f3 h6 10.Be3 b5 11.Nxc6 Bxc6 12.Bd3 d5 13.exd5 Nxd5 14.Bd4 Qg5 15.Be4 O-O-O
16.f4 Nxf4 17.Bxc6 Rxd4 18.h4 Rxd2 19.hxg5 Rxd1+ 20.Kxd1 Bd6 21.gxh6 gxh6
22.Ne2 Ng6 23.c3 Ne5 24.Be4 Rd8 25.Ke1 Bc5 26.Rh5 f5 27.Nf4 Kd7 28.Nd3 Nxd3+
29.Bxd3 Ke7 30.Ke2 Rg8 31.Kf3 Bd6 32.Kf2 Bf4 33.Rh1 Rd8 34.Ke2 Rg8 35.Kf2 Rd8
36.Ke2 Rd5 37.Rd1 Be5 38.a4 bxa4 39.Ra1 Ra5 40.Kd2 Bf4+ 41.Kc2 Kf6 42.Bc4 Bc7
43.Rh1 Bf4 44.Ra1 Bc7  1/2-1/2

[Event "World Youth U18"]
[Site "Antalya TUR"]
[Date "2009.11.15"]
[Round "4"]
[White "Jefic,S"]
[Black "Norri,R"]
[Result "1-0"]
[WhiteElo "2105"]
[BlackElo "1896"]

1.e4 c5 2.Nc3 Nc6 3.Bb5 g6 4.Bxc6 bxc6 5.d3 Bg7 6.f4 d5 7.Nf3 Bg4 8.e5 Nh6
9.h3 Bxf3 10.Qxf3 Nf5 11.O-O e6 12.b3 Rg8 13.Ba3 Qa5 14.Na4 f6 15.exf6 Bxf6
16.Rae1 Bd4+ 17.Kh2 Kf7 18.g4 Ng7 19.c4 Rge8 20.Bc1 Qc7 21.Be3 Kg8 22.Nxc5 Bc3
23.Re2 g5 24.Qg3 Rf8 25.Kg2 Rae8 26.d4 Re7 27.Rc2 Ref7 28.Nd3 Bb4 29.c5 Ba5
30.Rcf2 gxf4 31.Bxf4 Qc8 32.Ne5 Rf6 33.Bh6 Rxf2+ 34.Rxf2 Rxf2+ 35.Qxf2 Qe8
36.Qf6 Qf8 37.Qxe6+  1-0

[Event "World Youth U18"]
[Site "Antalya TUR"]
[Date "2009.11.16"]
[Round "6"]
[White "Vastrukhin,O"]
[Black "Baron,Ta"]
[Result "0-1"]
[WhiteElo "2312"]
[BlackElo "2404"]

1.e4 c5 2.Nc3 Nc6 3.Nge2 Nf6 4.d3 e5 5.g3 d5 6.Bg2 d4 7.Nd5 Nxd5 8.exd5 Nb4
9.c4 Bf5 10.Be4 Bxe4 11.dxe4 d3 12.Nc3 Nc2+ 13.Kf1 Nxa1 14.Qxd3 Be7 15.Kg2 Qb6
16.Na4 Qa6 17.b3 Qg6 18.Bb2 Nxb3 19.axb3 Bd6 20.Qf3 O-O 21.g4 Rab8 22.Nc3 a6
23.Nd1 b5 24.Ne3 a5 25.cxb5 Rxb5 26.Nc4 a4 27.Ra1 Rxb3  0-1